Statistics for NHL All-Timer Leaders Quiz

Click here to take the quiz!

General Stats

  • This quiz has been taken 59 times
  • The average score is 50 of 75

Answer Stats

HintPlayer% Correct
GoalsWayne Gretzky
100%
AssistsWayne Gretzky
100%
Plus/MinusWayne Gretzky
100%
PointsWayne Gretzky
100%
GoalsGordie Howe
98%
PointsGordie Howe
98%
AssistsGordie Howe
98%
Plus/MinusMark Howe
98%
GoalsAlex Ovechkin
93%
AssistsMario Lemieux
93%
PointsMario Lemieux
93%
GoalsMario Lemieux
93%
PointsMark Messier
93%
GoalsMark Messier
93%
AssistsMark Messier
93%
Wins (Goalie)Martin Brodeur
93%
PointsJaromír Jágr
84%
GoalsJaromír Jágr
84%
AssistsJaromír Jágr
84%
GoalsSteve Yzerman
82%
AssistsSteve Yzerman
82%
PointsSteve Yzerman
82%
Wins (Goalie)Patrick Roy
80%
GoalsBrett Hull
78%
AssistsJoe Sakic
78%
PointsJoe Sakic
78%
PointsPhil Esposito
76%
GoalsPhil Esposito
76%
Wins (Goalie)Tony Esposito
76%
Plus/MinusBobby Orr
73%
GoalsMarcel Dionne
73%
PointsMarcel Dionne
73%
AssistsMarcel Dionne
73%
GoalsTeemu Selänne
71%
Wins (Goalie)Dominik Hašek
69%
Plus/MinusNicklas Lidström
69%
PointsRay Bourque
69%
Plus/MinusRay Bourque
69%
AssistsRay Bourque
69%
GoalsMike Gartner
64%
Wins (Goalie)Marc-André Fleury
62%
PointsPaul Coffey
62%
AssistsPaul Coffey
62%
PointsRon Francis
62%
AssistsRon Francis
62%
Plus/MinusGuy Lafleur
60%
PointsStan Mikita
60%
Wins (Goalie)Ed Belfour
58%
Wins (Goalie)Jacques Plante
58%
Plus/MinusMike Bossy
58%
Plus/MinusBryan Trottier
56%
PointsJoe Thornton
56%
AssistsJoe Thornton
56%
Wins (Goalie)Grant Fuhr
53%
Wins (Goalie)Roberto Luongo
53%
Plus/MinusDenis Potvin
51%
Plus/MinusLarry Robinson
49%
GoalsLuc Robitaille
49%
AssistsAdam Oates
47%
GoalsBrendan Shanahan
47%
Wins (Goalie)Curtis Joseph
47%
Wins (Goalie)Glenn Hall
47%
Wins (Goalie)Henrik Lundqvist
47%
AssistsMark Recchi
44%
PointsMark Recchi
44%
Plus/MinusBobby Clarke
40%
Wins (Goalie)Terry Sawchuk
40%
Plus/MinusSerge Savard
33%
Wins (Goalie)Chris Osgood
29%
GoalsDave Andreychuk
29%
Wins (Goalie)Ryan Miller
27%
AssistsDoug Gilmour
20%
Plus/MinusScott Stevens
18%
Plus/MinusSteve Shutt
13%
Plus/MinusBrad McCrimmon
2%

Score Distribution

Percentile by Number Answered

Percent of People with Each Score

Your Score History

You have not taken this quiz